Aspectos clínicos e laboratoriais do complexo gengivite-estomatite em gatos domésticos (Registro n. 327972)
[ somente texto ]
| 000 -LÍDER | |
|---|---|
| fixed length control field | 03994nab a2200337 i 4500 |
| 003 - CÓDIGO MARC DA AGÊNCIA CATALOGADORA | |
| Campo de controle | BR-BrBNA |
| 005 - DATA E HORA DA ÚLTIMA ATUALIZAÇÃO | |
| Campo de controle | 20241007134420.0 |
| 008 - CAMPO DE TAMANHO FIXO | |
| fixed length control field | 241007b2018 bl.|r|pooa||| 00| 0 por | |
| 040 ## - FONTE DA CATALOGAÇÃO | |
| Agência catalogadora | BR-BrBNA |
| Idioma da catalogação | por |
| 072 ## - CATEGORIA AGRIS | |
| Código AGRIS | L73 |
| Código do objeto | 5500 |
| 072 ## - CATEGORIA AGRIS | |
| Código AGRIS | L70 |
| 100 ## - ENTRADA PRINCIPAL - NOME PESSOAL | |
| Nome pessoal | Barbosa, R.C.C. |
| 100 ## - ENTRADA PRINCIPAL - NOME PESSOAL | |
| Nome pessoal | Gitti, C.B. |
| 100 ## - ENTRADA PRINCIPAL - NOME PESSOAL | |
| Nome pessoal | Castro, M.C.N. |
| 100 ## - ENTRADA PRINCIPAL - NOME PESSOAL | |
| Nome pessoal | Mendes-de-Almeida, F. |
| 245 ## - TÍTULO PRINCIPAL | |
| Título principal | Aspectos clínicos e laboratoriais do complexo gengivite-estomatite em gatos domésticos |
| 500 ## - NOTA GERAL | |
| Nota geral | Publicação online; 20 ref.; 2 tables; Summaries (En, Pt) |
| 942 ## - ADDED ENTRY ELEMENTS (KOHA) | |
| Koha item type | Analítica |
| 520 ## - NOTA DE RESUMO | |
| Nota de conteúdo | <br/><br/>RESUMO - Foram incluídos 76 gatos domésticos com diferentes graus (I a IV) de lesões em cavidade oral, os quais foram avaliados clinicamente e tiveram coletadas amostras de sangue e suabes da cavidade oral. A maioria dos gatos portadores de CGE eram machos, castrados, adultos, sem raça definida e com estilo de vida confinado. Os sinais clínicos observados e associados à gravidade da inflamação na cavidade oral foram halitose (98,7%); ptialismo (22,4%); hemorragia bucal (9,2%) e úlcera na parte superior dos lábios (2,6%); desconforto à manipulação da cavidade oral (44,7%) e perda dentária (55,3%). A maioria dos gatos avaliados foi classificada no grau II (43,4%). Não se observou diferença significativa nos resultados do eritrograma dos gatos portadores de CGE, independentemente da gravidade das lesões e da sintomatologia clínica. Entretanto, observou-se neutrofilia (21,1%) e aumento de proteínas plasmáticas totais (47,3%), na maioria dos animais de grau II, sugerindo que esses parâmetros laboratoriais, quando aumentados, possam estar associados a graus menos graves de CGE. A análise das lâminas de citologia da cavidade oral dos gatos demonstrou que a presença de Simonsiella spp. foi mais frequente nos animais incluídos no grau IV, entretanto não é possível afirmar que essa bactéria esteja relacionada à gravidade das lesões.<br/><br/><br/>Palavras-chave: felinos, cavidade oral, graus de inflamação, sinais clínicos, análise laboratorial |
| 520 ## - NOTA DE RESUMO | |
| Nota de conteúdo | <br/><br/>ABSTRACT - Seventy six domestic cats classified with different scores (I to IV) of oral lesions have been included in the study, being clinically examined and having blood samples and oral cavity swabs collected. Most cats diagnosed with Gingivostomatitis Complex (GSC) were male, neutered, adult, DSH, and lived confined. Clinical signs observed and related to the severity of mouth inflammation were halitosis (98.7%), ptyalism (22.4%), oral hemorrhage (9.2%), and upper lip ulcers (2.6%); discomfort during mouth examination (44.7%) and tooth loss (55,3%). Most cats have been classified as score II (43.4%). The red blood cell count showed no significant statistical difference regardless the different scores of oral lesions and clinical symptoms. However, the leukogram showed neutrophilia (21.1%) and plasmatic proteins had an increased level (47.3%), in most of the animals classified as score II, suggesting that these parameters, when increased, may be associated to less severe GSC scores. Oral cavity microscope slides analysis showed that Simonsiella spp. have been more frequent in the cytology of the score IV animals, however, it does not allow us to correlate the presence of the bacteria with the severity lesions degree.<br/><br/><br/>Keywords: feline, oral cavity, inflammation scores, clinical signs, laboratorial analysis |
| 650 ## - ASSUNTO - THESAGRO | |
| Cabeçalho tópico ou nome geográfico | GATO |
| 650 ## - ASSUNTO - THESAGRO | |
| Cabeçalho tópico ou nome geográfico | DOENÇA ANIMAL |
| 650 ## - ASSUNTO - THESAGRO | |
| Cabeçalho tópico ou nome geográfico | LESÃO |
| 650 ## - ASSUNTO - THESAGRO | |
| Cabeçalho tópico ou nome geográfico | BOCA |
| 650 ## - ASSUNTO - THESAGRO | |
| Cabeçalho tópico ou nome geográfico | INFLAMAÇÃO |
| 650 ## - ASSUNTO - THESAGRO | |
| Cabeçalho tópico ou nome geográfico | BIOQUÍMICA ANIMAL |
| 650 ## - ASSUNTO - THESAGRO | |
| Cabeçalho tópico ou nome geográfico | VETERINÁRIA |
| 773 0# - ENTRADA ANALÍTICA | |
| Host Biblionumber | 1643 |
| Registro do item | 344976 |
| Imprenta | Belo Horizonte-MG Universidade Federal de Minas Gerais - Escola de Veterinaria 1983 |
| Outro identificador | 2024-5389 |
| Título | Arquivo Brasileiro de Medicina Veterinária e Zootecnia (Brazil) |
| ISSN | 0102-0935 |
| Colação | v. 70(6) p. 1784-1792; (2018) |
| Número de controle de registro | BR2024002803 |
| 856 ## - ACESSO E ENDEREÇO ELETRÔNICO | |
| Identificador uniforme de recurso - URI | https://www.scielo.br/j/abmvz/a/T5NDRmVfKF9VM9mnTWJdNzb/?format=pdf&lang=pt |
Nenhum exemplar disponível.

BINAGRI